| 000 | 00000nam##2200000za#4500 |
| 001 | 9.569774 |
| 003 | CaOODSP |
| 005 | 20210624181928 |
| 007 | cr ||||||||||| |
| 008 | 150406|2007||||xxc|||||o f|0| 0 eng|d |
| 040 | |aCaOODSP|beng |
| 043 | |an-cn--- |
| 086 | 1 |aNH18-1/299-2007E-PDF |
| 110 | 2 |aCanada Mortgage and Housing Corporation. |
| 245 | 10|aApproaching net zero energy in existing housing / |h[electronic resource]|c[by] Shawna Henderson and Chris Mattock. |
| 260 | |aOttawa - Ontario : |bCanada Mortgage and Housing Corporation |c17 Dec. 2007. |
| 300 | |a202p.|bfigs., graphs, tables, photographs |
| 490 | 1 |aResearch report |
| 504 | |aBibliography. |
| 546 | |a(Résumé en français.) |
| 590 | |a11-26-Supp|b2011-11-03 |
| 720 | 1 |aMattock, Chris |
| 720 | 1 |aHenderson, Shawna |
| 830 | #0|aResearch report (Canada Mortgage and Housing Corporation : Online)|w(CaOODSP)9.506068 |
| 856 | 40|ahttp://publications.gc.ca|qPDF|s3.97 MB|uhttps://publications.gc.ca/collections/collection_2011/schl-cmhc/nh18-1/NH18-1-299-2007-eng.pdf |